MARC

Tag First Indicator Second Indicator Subfields
LEADER 00000pam a2200000 a 4500
001 in00000566421
005 20171111063747.0
008 850604s1985 nyua b 01100 eng
010 |a  85012161  
020 |a 0306420775 
035 |a (OCoLC)12189528 
035 |9 ACN2098AM 
039 0 |a 2  |b 3  |c 3  |d 3  |e 3 
040 |a DLC  |c DLC  |d TXA  |d UtOrBLW 
049 |a TXAM  |c [A08613781] 
050 0 0 |a QC176.8.E4  |b L629 1985 
082 0 |a 530.4/1  |2 19 
245 0 0 |a Localization and metal-insulator transitions /  |c edited by Hellmut Fritzsche and David Adler. 
264 1 |a New York :  |b Plenum Press,  |c [1985] 
264 4 |c ©1985 
300 |a xiv, 533 pages :  |b illustrations ;  |c 26 cm. 
336 |a text  |b txt  |2 rdacontent 
337 |a unmediated  |b n  |2 rdamedia 
338 |a volume  |b nc  |2 rdacarrier 
490 1 |a Institute for Amorphous Studies series 
500 |a Part of 3 volume festschrift in honor of Sir Nevill Mott on his eightieth birthday. 
500 |a Companion volumes: Tetrahedrally-bonded amorphous semiconductors / edited by David Adler and Hellmut Fritzsche. Physics of disordered materials / edited by David Adler, Hellmut Fritzsche, and Stanford R. Ovshinsky. 
504 |a Includes bibliographies and indexes. 
600 1 0 |a Mott, N. F.  |q (Nevill Francis),  |c Sir,  |d 1905-1996. 
650 0 |a Metal-insulator transitions. 
650 0 |a Anderson model. 
650 0 |a Amorphous semiconductors. 
650 0 |a Order-disorder models. 
700 1 |a Fritzsche, Hellmut. 
700 1 |a Adler, David,  |d 1935-1987. 
700 1 |a Mott, N. F.  |q (Nevill Francis),  |c Sir,  |d 1905-1996. 
830 0 |a Institute for Amorphous Studies series. 
999 |a MARS 
999 f f |s 544e4a1c-ce89-32fd-a4ac-b48f029c6c62  |i e31e42a6-ac51-3db3-a213-57b1c1083e26  |t 0 
952 f f |p normal  |a Texas A&M University  |b College Station  |c Sterling C. Evans Library  |d Evans: Library Stacks  |t 0  |e QC176.8.E4 L629 1985  |h Library of Congress classification  |i unmediated -- volume  |m A14808613781 
998 f f |a QC176.8.E4 L629 1985  |t 0  |l Evans: Library Stacks